000 00585nam a2200217Ia 4500
008 160418s9999 xx 000 0 und d
020 _a971-27-1518-3
050 _aFIL ML 3509.P5
050 _b.Q57 2004 c.2
100 _aQuirino, Richie C.
245 _aPinoy jazz traditions /
245 _cRichie C. Quirino.
260 _aPasig City:
260 _bAnvil Pub. Inc.,
260 _c2004
300 _a212 pages :
300 _billustrations ;
300 _c23 cm.
650 _aJazz -- Philippines -- History and criticism.
650 _xJazz musicians -- Philippines.
999 _c293356
_d293356